000
00232 a2200097 4500
001
24909
100
_a
Cooke-yarborough, E.H
245
_a
Introduction to transistor circuits, an
260
_a
_b
Oliver
_c
1960
090
_c
16857
_d
16857
942
_a
NUST-CAE
_c
M
_c
7621
999
_c
259982
_d
259982